La política económica en la República Dominicana (Record no. 7400)

MARC details
000 -LEADER
campo de control de longitud fija 00759nam a22002177a 4500
001 - NÚMERO DE CONTROL
campo de control 29179
005 - FECHA Y HORA DE LA ÚLTIMA TRANSACCIÓN
campo de control 20250522045751.0
008 - DATOS DE LONGITUD FIJA--INFORMACIÓN GENERAL
campo de control de longitud fija 5232271982 dr
040 ## - FUENTE DE CATALOGACIÓN
Centro catalogador/agencia de origen Ucateba
Lengua de catalogación spa
041 ## - CÓDIGO DE IDIOMA
Código de lengua del texto/banda sonora o título independiente spa
082 ## - NÚMERO DE LA CLASIFICACIÓN DECIMAL DEWEY
Número de clasificación RD 338.97293 As57p
110 ## - ENTRADA PRINCIPAL--NOMBRE DE ENTIDAD CORPORATIVA
Nombre de entidad corporativa o nombre de jurisdicción como elemento de entrada Asociación Nacional de Jovenes Empresarios, Inc. (ANJE)
245 ## - MENCIÓN DEL TÍTULO
Título La política económica en la República Dominicana
Mención de responsabilidad, etc. Asociación Nacional de Jovenes Empresarios (ANJE).
250 ## - MENCION DE EDICION
Mención de edición Primera Edición.
260 ## - PUBLICACIÓN, DISTRIBUCIÓN, ETC.
Lugar de publicación, distribución, etc. Santo Domingo, República Dominicana,
Nombre del editor, distribuidor, etc. ANJE
Fecha de publicación, distribución, etc. 1982
300 ## - DESCRIPCIÓN FÍSICA
Extensión 323 páginas ; 21 cm.
336 ## - TIPO DE CONTENIDO
Fuente rdacontent
Término de tipo de contenido texto
Código de tipo de contenido txt
337 ## - TIPO DE MEDIO
Fuente rdacontent
Nombre/término del tipo de medio sin mediación
Código del tipo de medio n
338 ## - TIPO DE SOPORTE
Fuente rdacarrier
Nombre/término del tipo de soporte volumen
Código del tipo de soporte nc
651 ## - PUNTO DE ACCESO ADICIONAL DE MATERIA--NOMBRE GEOGRÁFICO
Nombre geográfico 1.República Dominicana -- Política económica
Holdings
Estatus retirado Estado de pérdida Estado de daño No para préstamo Colección Biblioteca de origen Biblioteca actual Fecha de adquisición Total de préstamos Signatura topográfica completa Código de barras Visto por última vez Copia número Precio de reemplazo Tipo de ítem Koha
        Acervo general de Libros Biblioteca Central Mons. Favio M. Rivas S. Biblioteca Central Mons. Favio M. Rivas S. 14/06/2022   RD 338.97293 As57p 000000010031 23/05/2025 1 23/05/2025 Libros